A szabadságharc centennáriuma [centenáriuma]

Elmentve itt :
Bibliográfiai részletek
Dokumentumtípus: Cikk
Megjelent: 1947
Sorozat:Honvéd : katonai folyóirat 2 No. 1
Kulcsszavak:Szabadságarc magyar 1848, Szabadságarc jubileumi ünnepség felhívás
Online Access:http://misc.bibl.u-szeged.hu/3308
LEADER 00572nab a2200157 i 4500
001 misc3308
005 20191106141814.0
008 170607s1947 hu o 0|| hun d
040 |a SZTE Miscellanea Repozitórium  |b hun 
041 |a hun 
245 0 2 |a A szabadságharc centennáriuma [centenáriuma]  |h [elektronikus dokumentum] 
260 |c 1947 
300 |a 48 
490 0 |a Honvéd : katonai folyóirat  |v 2 No. 1 
695 |a Szabadságarc magyar 1848, Szabadságarc jubileumi ünnepség felhívás 
856 4 0 |u http://misc.bibl.u-szeged.hu/3308/1/honved_002_001_048.pdf  |z Dokumentum-elérés